000 01194nam0a22003499 4500
001 RU\NLR\b_ik\17220
005 20250616224259.0
010 _a0-689-31036-6
035 _a(NLR Aleph) 002092085
090 _a4957881
_c4957881
100 _a19950127d1984 |||y0rusy50 ca
101 0 _arus
102 _aRU
105 _aa |||||||||
200 1 _aBreaking tradition
_eThe story of Louise Nevelson
_fBy Natalie S. Bober
210 _aNew York
_cAtheneum
_d1984
215 _aX, 166c.
_cил., портр.
_d23
300 _aСписок соч. авт.: с.I. Библиогр.: с.152-153
541 0 _aСломанная традиция. История Луизы Невелсон.
606 0 _aНевелсон, Луиза, 1900
_2nlr-sh1
686 0 _aЩ133(7США)6-8Невелсон
_2rubbk
700 1 _aBober
_bNatalie S
_4070
702 1 _aNevelson
_bLouise
_f1900-
801 0 _aRU
_bNLR
_c20011010
_gPSBO
801 1 _aRU
_bNLR
_c20011016
852 _aNLR
_jИс31 Д-5/411
942 _cBOOK
980 _aNB